000 01077nam a22002417a 4500
999 _c21685
_d21685
003 AR-CdUCM
008 190425b ||||| |||| 00| 0 spa d
040 _aMUNICIPALIDAD PROVINCIAL DEL CUSCO
_cBIBLIOTECA MUNICIPAL DEL CUSCO
082 _aRev.Univ/N°7/1913
_bRev.Univ/N°7/1913
110 _aUniversidad Nacional de San Antonio Abad del Cusco
_915942
245 _aRevista Universitaria :
_bÓrgano de la Universidad del Cuzco /
260 _aCusco :
_bEl Trabajo,
_cdiciembre 1913.
300 _a59 páginas. :
_c20 cm.
440 _aRevista Universitaria
_nAño II, diciembre 1913, N°7
_945783
505 _aContenido: Paidología el niño del Cuzco. Humberto Luna. -- Memoria leído por el rector el año académico. Alberto A. Giesecke. -- El Cuzco a través de la Historia. Luis Rafael Casanova. Crónica Universitaria
650 _aArqueología
_9371
650 _aWanacauri
_945781
650 _aHistoria del Cusco
_91714
650 _aSiglo XX
_945779
710 _aUniversidad Nacional de San Antonio Abad del Cusco
_915942
942 _2ddc
_cPP
945 _arac